000 00387nam a2200157Ia 4500
008 240729s9999 xx 000 0 und d
022 _a2590-3462
245 0 _aPlant Communications
260 _aUnited States
260 _bElsevier
650 _a Botany
650 _aScience
856 _uhttps://doaj.org/toc/f2aaa247d06946fbb868d95fefa3371a
942 _2ddc
942 _cDOAJEJ
999 _c70371
_d70371
945 _a1
_bMadushi Gamage
_c1
_dMadushi Gamage